000 00260nam a2200097Ia 4500
001 1204542
005 20250827022730.0
008 250824s9999 xx 000 0 und d
245 0 _aEMANETDAR AYASOFYA DEHLİZLERİNDE
_cESRA BAHADIR CESAR
260 _bERDEM GENÇ
999 _c1204542
_d1204542